| 000 | 01128njm a22003017a 4500 | ||
|---|---|---|---|
| 005 | 20100918120820.0 | ||
| 007 | sd ammalaaahaa | ||
| 008 | 100918t xxu||||| |||| 00| 0 hin d | ||
| 028 |
_aMOCE 4180 _bODEON |
||
| 035 | _aGR-03409 | ||
| 040 | _aSED/VEN | ||
| 100 |
_920657 _aMangeshkar, Lata |
||
| 245 |
_aBarsaat / _cby Lata Mangeshkar ; lyric by Hasrat Jaipuri ; music by Shankar Jaikishan _h[sound recording] : |
||
| 246 | _aबरसात (लता मंगेशकर) | ||
| 260 |
_aDum Dum India _bODEON _c1973 |
||
| 300 |
_a1 sound disc [Gramophone record] : _banalog, 331/3 rpm _c12 in. (LP) _fGramophone Record |
||
| 500 | _aBrief Record | ||
| 500 | _aODEON | ||
| 500 | _aBlack | ||
| 500 | _aLong Playing | ||
| 505 | _aJiya bekrar hai part 1 (Barsaat) (Lata Mangeshkar) Hawa mein udta jaye part 2 (Barsaat) (Lata Mangeshkar) | ||
| 650 |
_vFilmi Song _xExcerpts _zIndia _920658 _aClassical Music |
||
| 700 |
_aHasrat Jaipuri _920659 |
||
| 700 |
_aShankar Jaikishan _920660 |
||
| 700 | _920674 | ||
| 942 |
_2ddc _cGR |
||
| 999 |
_c46760 _d46760 |
||